000 00543nam a2200193Ia 4500
005 20250423094838.0
008 250422s9999 xx 000 0 und d
020 _a9780135064171
050 _aQA 76.9.C643 .S73/
100 _aStallings, William
245 0 _aComputer organization and architecture : designing for performance
250 _a8th ed.
260 _aNew Jersey
260 _bPearson Prentice Hall
260 _c2010
300 _a792 p
650 _a Computer organization. Computer architecture.
942 _cBK
999 _c28471
_d28471